Anārkalī / (Record no. 478211)

000 -LEADER
fixed length control field 01128cam a2200289 i 4500
001 - CONTROL NUMBER
control field 3224887
003 - CONTROL NUMBER IDENTIFIER
control field NUST
005 - DATE AND TIME OF LATEST TRANSACTION
control field 20180412101747.0
008 - FIXED-LENGTH DATA ELEMENTS--GENERAL INFORMATION
fixed length control field 791115s1978 pk 000 1 urdo
010 ## - LIBRARY OF CONGRESS CONTROL NUMBER
LC control number 78931186
020 ## - INTERNATIONAL STANDARD BOOK NUMBER
Terms of availability Rs320.00
International Standard Book Number 9789693521986
040 ## - CATALOGING SOURCE
Original cataloging agency DLC
Transcribing agency DLC
Modifying agency DLC
050 00 - LIBRARY OF CONGRESS CALL NUMBER
Classification number PK2199.H338
Item number A83
082 ## - DEWEY DECIMAL CLASSIFICATION NUMBER
Classification number 891.4393
Author Mark MAN
100 1# - MAIN ENTRY--PERSONAL NAME
Personal name Manṭo, Saʻādat Ḥasan,
Dates associated with a name 1912-1955.
9 (RLIN) 1443
245 10 - TITLE STATEMENT
Title Anārkalī /
Statement of responsibility, etc. Saʻādat Ḥasan Manṭo.
260 ## - PUBLICATION, DISTRIBUTION, ETC.
Place of publication, distribution, etc. Lāhaur :
Name of publisher, distributor, etc. Muḥammad Navāz : milne kā patah, Maktabah-yi Urdū Adab,
Date of publication, distribution, etc. 1978.
300 ## - PHYSICAL DESCRIPTION
Extent 174 p. ;
Dimensions 18 cm.
500 ## - GENERAL NOTE
General note In Urdu.
500 ## - GENERAL NOTE
General note Short stories.
505 0# - FORMATTED CONTENTS NOTE
Formatted contents note Anārkalī.--Naʻīmah.--Badtamīzī.--Qādirā qaṣāʼī.--K̲h̲vudkushī.--Pishāvar se Lāhaur tak.--Bijlī pahlvān.--Ek zāhidah ek fāḥishāh.--Shīda.--Buḍḍha khūsaṭ.
880 ## - ALTERNATE GRAPHIC REPRESENTATION
Linkage 100-01\r
Title سعادت حسن منٹو
880 ## - ALTERNATE GRAPHIC REPRESENTATION
Linkage 245-02\r
Title انار کلی
c سعادت حسن منٹو
880 ## - ALTERNATE GRAPHIC REPRESENTATION
Linkage 260-03\r
Title لاہور:
b سنگ میل پبلی کیشنز،
c 2009
906 ## - LOCAL DATA ELEMENT F, LDF (RLIN)
a 7
b cbc
c orignew
d 4
e ncip
f 19
g y-gencatlg
942 ## - ADDED ENTRY ELEMENTS (KOHA)
Source of classification or shelving scheme
Koha item type Book
Holdings
Withdrawn status Lost status Source of classification or shelving scheme Damaged status Not for loan Permanent Location Current Location Shelving location Date acquired Total Checkouts Total Renewals Full call number Barcode Date last seen Date last checked out Copy number Price effective from Koha item type
          Central Library (CL) Central Library (CL) Fiction 04/12/2018 4 3 891.4393 MAN CL1887 04/14/2026 02/25/2026 1 04/12/2018 Book
© 2023 Central Library, National University of Sciences and Technology. All Rights Reserved.